000 01326nam0a22002891 4500
001 rc\4955524
005 20250613045713.0
021 _aRU
_b[64-56097]
035 _a(NLR Aleph) 008955204
090 _a9028703
_c9028703
100 _a20130426d1964 |||y0rusy50 ca
101 0 _arus
102 _aRU
105 _aa z |||||
200 1 _aПроизводство специальных сортов солода
_e[Лекция]
_fО-во "Знание" УССР. Киевский дом науч.-техн. пропаганды. Заоч. семинар "Новое в технике и технологии безалкогольной пром-сти"
210 _aКиев
_cБ. и.
_d1964
215 _a27 с.
_cил.
_d20
300 _aНа обл. только загл. серии: Новое в технике и технологии пивоваренной промышленности
300 _aАвт. указан в вып. дан.
606 _aСолодовое производство
_2psbo
700 1 _7ca
_8rus
_aРабинович
_bС. Д.
_cтехнолог пищевой пром-сти
_gСамуил Давыдович
_9225377
_3RU\NLR\AUTH\770225433
801 0 _aRU
_bNLR
_gpsbo
801 1 _aRU
_bELAR
_2rusmarc
852 _aNLR
_j64-4/12953
942 _cBOOK
980 _aNB